Text book of business mathematics (Record no. 230001)
[ view plain ]
| 000 -LEADER | |
|---|---|
| fixed length control field | 00822nam a22002657a 4500 |
| 005 - DATE AND TIME OF LATEST TRANSACTION | |
| control field | 20250618115756.0 |
| 008 - FIXED-LENGTH DATA ELEMENTS--GENERAL INFORMATION | |
| fixed length control field | 240304b ||||| |||| 00| 0 eng d |
| 020 ## - INTERNATIONAL STANDARD BOOK NUMBER | |
| International Standard Book Number | 9789352027293 |
| 040 ## - CATALOGING SOURCE | |
| Transcribing agency | AL |
| 041 ## - LANGUAGE CODE | |
| Language code of text/sound track or separate title | English |
| 082 ## - DEWEY DECIMAL CLASSIFICATION NUMBER | |
| Classification number | 510.2465 |
| Item number | RANT |
| 100 ## - MAIN ENTRY--PERSONAL NAME | |
| Personal name | G K Ranganath and others |
| 100 ## - MAIN ENTRY--PERSONAL NAME | |
| 9 (RLIN) | 215324 |
| 245 ## - TITLE STATEMENT | |
| Title | Text book of business mathematics |
| 260 ## - PUBLICATION, DISTRIBUTION, ETC. | |
| Place of publication, distribution, etc. | Mumbai |
| Name of publisher, distributor, etc. | Himalaya Publishing House |
| Date of publication, distribution, etc. | 2022 |
| 300 ## - PHYSICAL DESCRIPTION | |
| Extent | 331 p. |
| Other physical details | PB |
| Dimensions | 21.6x13.8 cm. |
| 365 ## - TRADE PRICE | |
| Price type code | 7776 |
| Price amount | ₹260.00 |
| Currency code | ₹ |
| Unit of pricing | ₹325.00 |
| Price note | 20% |
| Price effective from | 16-02-2024 |
| 650 ## - SUBJECT ADDED ENTRY--TOPICAL TERM | |
| Topical term or geographic name entry element | First Year B Com |
| 9 (RLIN) | 152718 |
| 650 ## - SUBJECT ADDED ENTRY--TOPICAL TERM | |
| Topical term or geographic name entry element | Number System |
| 9 (RLIN) | 152719 |
| 650 ## - SUBJECT ADDED ENTRY--TOPICAL TERM | |
| Topical term or geographic name entry element | Matrices and Determinants |
| 9 (RLIN) | 152720 |
| 650 ## - SUBJECT ADDED ENTRY--TOPICAL TERM | |
| Topical term or geographic name entry element | Ratio and Proportion |
| 9 (RLIN) | 152721 |
| 650 ## - SUBJECT ADDED ENTRY--TOPICAL TERM | |
| Topical term or geographic name entry element | Analytical Geometry |
| 9 (RLIN) | 152722 |
| 700 ## - ADDED ENTRY--PERSONAL NAME | |
| Personal name | Sampangiram,C S |
| 9 (RLIN) | 152724 |
| 700 ## - ADDED ENTRY--PERSONAL NAME | |
| Personal name | Rajaram,Y |
| 9 (RLIN) | 152725 |
| 942 ## - ADDED ENTRY ELEMENTS (KOHA) | |
| Source of classification or shelving scheme | Dewey Decimal Classification |
| Koha item type | Book |
| Withdrawn status | Lost status | Source of classification or shelving scheme | Damaged status | Not for loan | Collection code | Home library | Current library | Date acquired | Source of acquisition | Cost, normal purchase price | Total Checkouts | Full call number | Barcode | Date last seen | Date last checked out | Cost, replacement price | Price effective from | Koha item type |
|---|---|---|---|---|---|---|---|---|---|---|---|---|---|---|---|---|---|---|
| Dewey Decimal Classification | Mathematics | St Aloysius Library | St Aloysius Library | 02/20/2024 | Biblios Book Point Surathkal Mangalore 575014 | 260.00 | 2 | 510.2465 RANT | 077124 | 04/25/2025 | 04/23/2025 | 325.00 | 03/04/2024 | Book |